[Event "Verbandsliga Mitte 2011/12"]
[Site "Germany"]
[Date "2011.11.13"]
[Round "3"]
[White "Huhndorf Arnold (GER)"]
[Black "Lattermann Stefan"]
[Result "1-0"]
[WhiteElo "2277"]
[BlackElo "2030"]

1.c4 e6 2.g3 d5 3.Bg2 Nf6 4.Nf3 Be7 5.O-O O-O 6.b3 c5 7.Bb2 Nc6 8.e3 b6 9.Nc3
Bb7 10.cxd5 Nxd5 11.Nxd5 Qxd5 12.d4 Qd8 13.dxc5 Bxc5 14.Ne5 Qc7 15.Nd7 Rfd8
16.Qg4 Bd4 17.Nf6+ Kh8 18.exd4 gxf6 19.d5 Ne5 20.Qf4 Kg7 21.Rfe1 Qc2 22.Bxe5
fxe5 23.Qxe5+ Kg8 24.dxe6 Bxg2 25.exf7+ Kxf7 26.Rac1 {#r} 1-0

[Event "Ch Udmurtia"]
[Site "Izhevsk (Russia)"]
[Date "2011.12.05"]
[Round "5"]
[White "Sazonov Anatolij (RUS)"]
[Black "Bazhenov Viktor (RUS)"]
[Result "1-0"]
[WhiteElo "2220"]
[BlackElo "2060"]

1.Nf3 d5 2.c4 e6 3.g3 Nf6 4.Bg2 Be7 5.O-O O-O 6.b3 Nbd7 7.Bb2 c6 8.d3 b6
9.Nbd2 Bb7 10.e4 dxe4 11.Nxe4 Qc7 12.Qe2 Rad8 13.Rad1 c5 14.Rfe1 Rfe8 15.Neg5
h6 16.Nxf7 Kxf7 17.Qxe6+ Kg6 18.Nh4+ Kh7 19.Bxb7 Qxb7 20.Qf7 Qc6 21.Rxe7 Rxe7
22.Qxe7 Re8 23.Qf7 Ne5 24.Bxe5 Rxe5 25.Ng6 Re2 26.Nf4 Rxa2 27.Ne6 Ne8 28.Nf8+
Kh8 29.Ng6+ Kh7 30.Ne7 {#r} 1-0

[Event "Ch Poland (team) (3 liga)"]
[Site "Poland"]
[Round "11"]
[White "Rubinowski Sebastian (POL)"]
[Black "Markowski Piotr (POL)"]
[Result "0-1"]
[WhiteElo "2111"]
[BlackElo "2164"]

1.c4 e6 2.g3 d5 3.Bg2 Nf6 4.Nf3 Be7 5.O-O O-O 6.b3 b6 7.Bb2 Bb7 8.Ne5 c5 9.f4
Nc6 10.e3 Nd7 11.Nxd7 Qxd7 12.f5 d4 13.Be4 exf5 14.Rxf5 Qe6 15.Bc2 Nb4 16.exd4
Nxc2 17.Re5 Qh3 18.d5 Bf6 19.Qxc2 Bxe5 20.Bxe5 Rae8 21.Qc3 f6 22.g4 Qxg4+
23.Bg3 Re1+ 24.Kg2 Rfe8 {#R} 0-1

[Event "It "]
[Site "Schwaebisch Gmund (Germany)"]
[Date "2012.01.03"]
[Round "4"]
[White "Steinbach Peter (GER)"]
[Black "Schroeder Jan-Christian (GER)"]
[Result "0-1"]
[WhiteElo "2005"]
[BlackElo "2300"]

1.Nf3 d5 2.c4 e6 3.g3 Nf6 4.Bg2 Be7 5.O-O O-O 6.d3 b6 7.Qc2 Bb7 8.cxd5 exd5
9.Nh4 Re8 10.Nf5 Bf8 11.Bg5 h6 12.Bf4 c5 13.Nc3 Qd7 14.d4 Nc6 15.Be3 g6
16.Nxh6+ Kh7 17.Bg5 Nxd4 18.Qd1 Ne4 19.Nxe4 dxe4 20.e3 Bxh6 21.Bxh6 Kxh6
22.exd4 cxd4 23.Qd2+ Kg7 24.Rfd1 Rad8 25.Rac1 Rc8 26.Qf4 Qf5 27.Qd6 Red8
28.Qe7 Rd7 29.Qa3 e3 30.fxe3 Rc2 {#R} 0-1

[Event "Ch Southern FO (open)"]
[Site "Armavir (Russia)"]
[Round "5"]
[White "Kondenko Alexey (RUS)"]
[Black "Rasstriguine Andrei (RUS)"]
[Result "1-0"]
[WhiteElo "2225"]
[BlackElo "2105"]

1.Nf3 Nf6 2.c4 e6 3.g3 d5 4.Bg2 Be7 5.O-O O-O 6.b3 c5 7.cxd5 Nxd5 8.Bb2 Nc6
9.Na3 a6 10.Nc4 b5 11.Nce5 Nxe5 12.Nxe5 Bb7 13.d4 f6 14.Nd3 c4 15.bxc4 bxc4
16.Nc5 Bxc5 17.dxc5 Qa5 18.Qd4 Rac8 19.Qxc4 Rxc5 20.Qg4 Rc6 21.Rfd1 Qb5
22.Rab1 Qc4 23.e4 Nb6 24.Bd4 Bc8 25.Bxb6 {#r} 1-0

[Event "It (open) (b)"]
[Site "Zagreb (Croatia)"]
[Date "2012.03.06"]
[Round "2"]
[White "Ganic Martin (CRO)"]
[Black "Dugandzic Boris (CRO)"]
[Result "0-1"]
[WhiteElo "2092"]
[BlackElo "2210"]

1.Nf3 e6 2.g3 d5 3.Bg2 Nf6 4.c4 Be7 5.O-O O-O 6.Qc2 c5 7.d3 Nc6 8.a3 Re8 9.e4
dxe4 10.dxe4 e5 11.h3 Nd4 12.Nxd4 cxd4 13.Rd1 Be6 14.b4 Qc8 15.Bf1 Bxh3 16.Be2
a5 17.bxa5 Rxa5 18.Nd2 Bg4 19.f3 Bd7 20.Nb3 Ba4 21.Bd2 Ra6 22.Qd3 Nd7 23.Bb4
Nc5 24.Nxc5 Bxc5 25.Rdc1 Qh3 26.Bxc5 Qxg3+ 27.Kf1 Rh6 {#R} 0-1

[Event "Ch Catalunia (team)"]
[Site "Catalunya (Spain)"]
[Date "2012.03.10"]
[Round "7"]
[White "Movsziszian Karen (ARM)"]
[Black "Oms Pallise Josep (AND)"]
[Result "1-0"]
[WhiteElo "2475"]
[BlackElo "2501"]

1.c4 Nf6 2.g3 e6 3.Bg2 d5 4.Nf3 Be7 5.O-O O-O 6.b3 a5 7.Bb2 a4 8.Na3 c6 9.Qc2
Na6 10.Rfc1 h6 11.d4 b6 {#r} 1-0

[Event "Tournament (open)"]
[Site "Mondariz (Spain)"]
[Date "2012.04.05"]
[Round "6"]
[White "Gomez Jurado Luis Alberto (ESP)"]
[Black "Martin Duque Jesus (ESP)"]
[Result "1-0"]
[WhiteElo "2255"]
[BlackElo "2251"]

1.c4 e6 2.g3 Nf6 3.Bg2 d5 4.Nf3 Be7 5.O-O O-O 6.b3 c5 7.Bb2 Nc6 8.e3 d4 9.exd4
cxd4 10.Re1 Ne8 11.Ne5 Nxe5 12.Rxe5 Bf6 13.Re1 Nd6 14.d3 Qc7 15.Nd2 Rd8 16.Rc1
Qc5 17.a3 a5 18.b4 axb4 19.Nb3 Qc7 20.axb4 Ra4 21.b5 Ra2 22.Bxd4 Bxd4 23.Nxd4
Qc5 24.Re2 Ra3 25.Nc2 Rb3 26.Ne3 {#r} 1-0

[Event "It (open)"]
[Site "Triesen (Liechtenstein)"]
[Date "2012.05.16"]
[Round "6"]
[White "Guenthner Oliver (GER)"]
[Black "Vogel Jaap (NED)"]
[Result "0-1"]
[WhiteElo "2238"]
[BlackElo "2166"]

1.Nf3 Nf6 2.c4 e6 3.g3 d5 4.Bg2 Be7 5.O-O O-O 6.d3 b6 7.b3 Bb7 8.Bb2 c5 9.Na3
Nc6 10.cxd5 exd5 11.d4 Ne4 12.dxc5 bxc5 13.Nd2 f5 14.Nxe4 fxe4 15.Nc2 a5 16.f3
d4 17.fxe4 Qd7 18.Na3 Rxf1+ 19.Qxf1 Rf8 20.Qd1 Ne5 21.Nc4 Nxc4 22.bxc4 Qe6
23.Qd3 Ba6 24.Rc1 Bg5 25.Rc2 Be3+ 26.Kh1 Rf2 27.Bc1 Rxg2 28.Kxg2 Bb7 29.Kf3
Qf5+ {#R} 0-1

[Event "Ch Georgia"]
[Site "Tbilisi (Georgia)"]
[Date "2012.05.17"]
[Round "5"]
[White "Zarkua Davit (GEO)"]
[Black "Beradze Irakli (GEO)"]
[Result "1-0"]
[WhiteElo "2441"]
[BlackElo "2332"]

1.c4 e6 2.Nf3 d5 3.g3 Nf6 4.Bg2 Be7 5.O-O O-O 6.d3 c6 7.Nc3 Nbd7 8.cxd5 exd5
9.e4 dxe4 10.dxe4 Nc5 11.e5 Nfe4 12.Nxe4 Nxe4 13.Nd4 Nc5 14.Be3 Qc7 15.f4 Bd7
16.Rc1 Rfd8 17.Qc2 Bf8 18.Nf3 b6 19.b4 Nb7 20.Ng5 g6 21.Qb3 Be8 22.Bxc6 Qe7
23.Bxe8 Rxe8 24.f5 Nd8 25.fxg6 hxg6 26.Rxf7 Nxf7 27.Rf1 {#r} 1-0

[Event "Ch Asia (team)"]
[Site "Zaozhuang (China)"]
[Date "2012.05.17"]
[Round "1"]
[White "Lee Sanghoon (KOR)"]
[Black "Nguyen Duc Hoa (VIE)"]
[Result "0-1"]
[WhiteElo "2150"]
[BlackElo "2503"]

1.c4 e6 2.g3 d5 3.Bg2 Nf6 4.Nf3 Be7 5.O-O O-O 6.b3 c5 7.Bb2 Nc6 8.e3 b6 9.Nc3
Bb7 10.cxd5 exd5 11.d4 Rc8 12.Bh3 Rb8 13.Re1 Re8 14.Rc1 cxd4 15.exd4 Bf8
16.Ne5 Nxe5 17.dxe5 d4 18.exf6 Rxe1+ 19.Qxe1 dxc3 20.Rd1 cxb2 21.Rxd8 Rxd8
22.Bf5 Bf3 23.fxg7 Bb4 24.Qb1 Rd1+ 25.Qxd1 Bxd1 26.f4 Bg4 27.Bb1 Kxg7 {#R} 0-1

[Event "It "]
[Site "Moron (Argentina)"]
[Date "2012.05.21"]
[Round "9"]
[White "Flores Diego (ARG)"]
[Black "Molina Roberto Junio Brito (BRA)"]
[Result "1-0"]
[WhiteElo "2599"]
[BlackElo "2418"]

1.c4 e6 2.Nf3 d5 3.g3 Nf6 4.Bg2 Be7 5.O-O O-O 6.b3 b6 7.Bb2 Bb7 8.e3 c5 9.Qe2
Nc6 10.d4 cxd4 11.exd4 Rc8 12.Nbd2 Qc7 13.Rac1 dxc4 14.bxc4 Rfe8 15.Rfe1 Qb8
16.Nf1 Na5 17.Ne3 Ba6 18.Ne5 Bb7 19.d5 exd5 20.N5g4 Nd7 21.Bxg7 Bg5 22.Bh6
Bxh6 23.Nxh6+ Kf8 24.Qg4 Nf6 25.Qg5 {#r} 1-0

[Event "It (open)"]
[Site "Voronezh (Russia)"]
[Date "2012.06.19"]
[Round "7"]
[White "Papin Vasily (RUS)"]
[Black "Rychagov Andrey (RUS)"]
[Result "1-0"]
[WhiteElo "2561"]
[BlackElo "2561"]

1.c4 e6 2.Nf3 d5 3.g3 Nf6 4.Bg2 Be7 5.O-O O-O 6.b3 b6 7.Bb2 c5 8.e3 Bb7 9.Nc3
Nc6 10.cxd5 exd5 11.d4 Re8 12.Rc1 Bf8 13.Re1 Qd7 14.dxc5 Bxc5 15.Na4 Bb4
16.Re2 Ne4 17.Rec2 Rac8 18.Bf1 Red8 19.Bb5 Qd6 20.a3 {#r} 1-0

[Event "Ch Portugal (team) (1 div)"]
[Site "Matosinhos (Portugal)"]
[Date "2012.06.22"]
[Round "2"]
[White "Pena Gomez Manuel (ESP)"]
[Black "Cruz Jorge Filipe Egas Da (POR)"]
[Result "1-0"]
[WhiteElo "2412"]
[BlackElo "2007"]

1.g3 d5 2.Bg2 Nf6 3.c4 e6 4.Nf3 Be7 5.O-O O-O 6.b3 b6 7.e3 Nbd7 8.Qe2 Bb7 9.d4
c5 10.Bb2 dxc4 11.bxc4 Qc7 12.Nc3 Rac8 13.Rac1 a6 14.Nd2 Bxg2 15.Kxg2 Rfe8
16.Rfd1 cxd4 17.exd4 Qb7+ 18.Kg1 Rc7 19.Nde4 Rec8 20.d5 exd5 21.cxd5 Nxe4
22.Nxe4 Rxc1 23.Bxc1 Bc5 24.Bb2 Re8 25.Qg4 Ne5 26.Nf6+ Kh8 27.Qf5 {#r} 1-0

[Event "Tournament (open)"]
[Site "Rochinskiy (Russia)"]
[Date "2012.06.29"]
[Round "8"]
[White "Gaifullin Rinat (RUS)"]
[Black "Fakhrutdinov Timur (RUS)"]
[Result "0-1"]
[WhiteElo "2129"]
[BlackElo "2083"]

1.Nf3 Nf6 2.c4 e6 3.g3 d5 4.Bg2 Be7 5.O-O O-O 6.Qc2 a6 7.d3 c5 8.Rd1 Nc6
9.cxd5 exd5 10.d4 Nb4 11.Qc3 Ne4 12.Qe3 Nc2 13.Qd3 Nxa1 14.Nbd2 Nxd2 15.Nxd2
c4 16.Qb1 Be6 17.Qxa1 Rc8 18.Nf3 b5 19.Bf4 Qa5 20.Rc1 b4 21.Bd2 Qb5 22.Bf1 a5
23.Qb1 Qb7 24.Bg2 Qb6 25.e4 f5 26.e5 Rb8 27.Qc2 Rfc8 {#R} 0-1

[Event "Ch Central Serbia (open)"]
[Site "Paracin (Serbia)"]
[Date "2012.07.13"]
[Round "9"]
[White "Maksimovic Branimir (SRB)"]
[Black "Savic Miodrag R (SRB)"]
[Result "0-1"]
[WhiteElo "2442"]
[BlackElo "2543"]

1.c4 e6 2.g3 Nf6 3.Bg2 d5 4.Nf3 Be7 5.O-O O-O 6.b3 Nbd7 7.Bb2 c6 8.Nc3 b6
9.Qc2 Ba6 10.d3 b5 11.Nb1 Rb8 12.Nbd2 Qb6 13.Rab1 Rfd8 14.e4 Rbc8 15.e5 Ne8
16.Bd4 Qb8 17.b4 bxc4 18.dxc4 Nb6 19.c5 Bxf1 20.Bxf1 Nd7 21.Ba6 Rc7 22.a3 g6
23.g4 Ng7 24.Re1 Rf8 25.Qc3 Qd8 26.Qe3 f5 27.exf6 Bxf6 28.Nb3 Bxd4 29.Nbxd4 e5
30.Nb3 {#R} 0-1

[Event "It (open)"]
[Site "Pardubice (Czech Republic)"]
[Date "2012.07.22"]
[Round "3"]
[White "Gretarsson Hjorvar Stein (ISL)"]
[Black "Michalczak Thomas (GER)"]
[Result "1-0"]
[WhiteElo "2516"]
[BlackElo "2317"]

1.Nf3 d5 2.c4 e6 3.g3 Nf6 4.Bg2 Be7 5.O-O O-O 6.b3 b6 7.Bb2 Bb7 8.e3 c5 9.Nc3
Nc6 10.cxd5 Nxd5 11.Nxd5 Qxd5 12.d4 Rac8 13.Ne5 Qd8 14.Rc1 Na5 15.dxc5 Bxg2
16.Kxg2 Rxc5 17.Rxc5 Bxc5 18.Nd7 Qa8+ 19.Kg1 Rd8 20.Qg4 g6 21.Nf6+ Kg7
22.Nxh7+ {#r} 1-0

[Event "It (open)"]
[Site "Rockville (USA)"]
[Date "2012.07.28"]
[Round "2"]
[White "Black James A (USA)"]
[Black "Ryba Nicholas A (USA)"]
[Result "1-0"]
[WhiteElo "2163"]
[BlackElo "2111"]

1.c4 Nf6 2.g3 e6 3.Bg2 d5 4.Nf3 Be7 5.O-O O-O 6.b3 b6 7.Bb2 Bb7 8.d3 Nbd7
9.Nbd2 Rc8 10.Qc2 c6 11.e4 b5 12.e5 Ne8 13.Rfe1 Nc7 14.Nf1 c5 15.h4 Nb6
16.Rad1 Qe8 17.Ne3 Na6 18.Ng4 bxc4 19.dxc4 Nb4 20.Qb1 h5 21.Nf6+ Bxf6 22.exf6
g6 23.Qc1 Kh7 24.Ng5+ Kg8 25.Qf4 Qd7 26.Nf3 Kh7 27.Bc1 {#r} 1-0

[Event "Ch Montenegro (team) (1 liga)"]
[Site "Cetinje (Montenegro)"]
[Date "2012.08.10"]
[Round "8"]
[White "Drasko Milan (MNE)"]
[Black "Radovanovic Dusan (SRB)"]
[Result "1-0"]
[WhiteElo "2459"]
[BlackElo "2373"]

1.Nf3 Nf6 2.g3 d5 3.Bg2 e6 4.O-O Be7 5.c4 O-O 6.b3 b6 7.Bb2 Bb7 8.e3 dxc4
9.bxc4 c5 10.Qe2 Nc6 11.Nc3 Qc7 12.Rad1 a6 13.Ne1 Rab8 14.d3 Na7 15.f4 b5
16.f5 Bd6 17.Ne4 Nxe4 18.dxe4 e5 19.f6 g6 20.Qg4 Rfe8 21.Nf3 Nc6 22.Nh4 Rbd8
23.Nf5 Bf8 24.Qg5 Kh8 25.Nh6 bxc4 26.h4 Nb4 27.Bxe5 Rxe5 28.Rxd8 Qxd8 29.Nxf7+
Kg8 30.Nxe5 {#r} 1-0

[Event "It (open) "]
[Site "Brno (Czech Republic)"]
[Date "2012.09.02"]
[Round "9"]
[White "Talla Vladimir (CZE)"]
[Black "Malinovsky Karel (CZE)"]
[Result "0-1"]
[WhiteElo "2387"]
[BlackElo "2396"]

1.Nf3 d5 2.c4 e6 3.g3 Nf6 4.Bg2 Be7 5.O-O O-O 6.b3 c5 7.e3 b6 8.Bb2 Bb7 9.Nc3
Nbd7 10.Qe2 Rc8 11.d3 Qc7 12.e4 dxe4 13.dxe4 Rfd8 14.Rfe1 Qb8 15.h3 Qa8 16.e5
Nxe5 17.Nxe5 Bxg2 18.f3 Bxh3 19.g4 Bd6 20.Nb5 Bxe5 21.Bxe5 h5 22.gxh5 Nxh5
23.Kf2 f6 24.Bc7 Rxc7 25.Nxc7 Qb8 26.Nxe6 Qg3+ 27.Ke3 Bxe6 {#R} 0-1

[Event "It "]
[Site "San Cristobal (Venezuela)"]
[Date "2012.09.26"]
[Round "2"]
[White "Flores Diego (ARG)"]
[Black "Marrero Yaniet (CUB)"]
[Result "1-0"]
[WhiteElo "2599"]
[BlackElo "2304"]

1.c4 e6 2.Nf3 d5 3.g3 Nf6 4.Bg2 Be7 5.O-O O-O 6.b3 Ne4 7.a3 Bf6 8.Ra2 c6 9.d3
Ng5 10.Nxg5 Bxg5 11.f4 Bf6 12.e4 Bd4+ 13.Kh1 b6 14.Nd2 Bb7 15.Nf3 dxe4 16.dxe4
Bf6 17.e5 Be7 18.Nd4 Qc7 19.f5 Bc5 20.fxe6 Qxe5 21.exf7+ Rxf7 22.Rxf7 Kxf7
23.Nf3 Qd6 24.Rd2 Qe7 25.b4 {#r} 1-0

[Event "Ch Romania (team) (superliga)"]
[Site "Mamaia (Romania)"]
[Date "2012.09.29"]
[Round "8"]
[White "Stanciu Alexandru Ovidiu (ROM)"]
[Black "Malureanu Costin George (ROM)"]
[Result "1-0"]
[WhiteElo "2374"]
[BlackElo "2116"]

1.Nf3 d5 2.c4 e6 3.g3 Nf6 4.Bg2 Be7 5.O-O O-O 6.b3 c6 7.Bb2 Nbd7 8.e3 b6 9.Qe2
Bb7 10.Nc3 Rc8 11.Rac1 a6 12.d3 c5 13.e4 d4 14.Nd1 Qc7 15.Ng5 e5 16.f4 b5
17.h4 bxc4 18.bxc4 Bc6 19.Nh3 Rb8 20.g4 exf4 21.Nxf4 Qa5 22.e5 Bxg2 23.Nxg2
Ne8 24.e6 Qc7 {#r} 1-0

[Event "Ch Central Serbia (team)"]
[Site "Vrnjacka Banja (Serbia)"]
[Date "2012.09.30"]
[Round "3"]
[White "Prelevic Dusko (SRB)"]
[Black "Mladenovic Stefan (SRB)"]
[Result "0-1"]
[WhiteElo "2312"]
[BlackElo "2289"]

1.Nf3 Nf6 2.c4 e6 3.g3 d5 4.Bg2 Be7 5.O-O O-O 6.b3 b6 7.Bb2 Bb7 8.cxd5 Nxd5
9.d4 Nf6 10.Nc3 Nbd7 11.Qc2 c5 12.dxc5 Nxc5 13.Rfd1 Qc8 14.Rac1 Rd8 15.Nb5 Be4
16.Qc3 Qb7 17.Qe5 Ne8 18.Qf4 a6 19.Nc3 Bd6 20.Rxd6 Nxd6 21.b4 e5 22.Qh4 Ne6
23.Nxe4 Qxe4 24.Qxe4 Nxe4 25.Nxe5 f5 26.g4 Nf4 {#R} 0-1

[Event "It (open)"]
[Site "High Wycombe (England)"]
[Date "2012.10.14"]
[Round "4"]
[White "Tozer Philip (ENG)"]
[Black "Rees Ioan (WLS)"]
[Result "0-1"]
[WhiteElo "2176"]
[BlackElo "2274"]

1.c4 Nf6 2.g3 e6 3.Bg2 d5 4.Nf3 Be7 5.O-O O-O 6.b3 b6 7.Bb2 Bb7 8.e3 dxc4
9.bxc4 c5 10.d4 Qc7 11.Nc3 cxd4 12.Nb5 Qxc4 13.Ne5 Qxb5 14.Bxb7 Qxb2 15.Nd3
Qa3 16.Bxa8 dxe3 17.Qb3 Rd8 18.Qxa3 Bxa3 19.Nf4 exf2+ 20.Kxf2 Ng4+ 21.Ke2 Nxh2
22.Rfd1 Re8 23.Rd3 Bc5 24.a4 Ng4 25.a5 Ne5 26.Rb3 Nbc6 27.Bxc6 Nxc6 28.axb6
Nd4+ {#R} 0-1

[Event "Ch World (seniors)"]
[Site "Kamena Vourla (Greece)"]
[Date "2012.11.15"]
[Round "3"]
[White "Zakharchenko Arnold (UKR)"]
[Black "Pushkov Nikolai (RUS)"]
[Result "0-1"]
[WhiteElo "2188"]
[BlackElo "2409"]

1.c4 e6 2.Nf3 Nf6 3.g3 d5 4.Bg2 Be7 5.O-O O-O 6.b3 b6 7.Bb2 Bb7 8.d3 c5 9.e3
Nc6 10.Qe2 Qc7 11.Nc3 dxc4 12.bxc4 Rfd8 13.Rfd1 Rac8 14.e4 a6 15.e5 Nd7 16.Re1
Nd4 17.Nxd4 cxd4 18.Nd1 Bxg2 19.Kxg2 Bb4 20.Bxd4 Bxe1 21.Qxe1 Nc5 22.Qe3 Qd7
23.Bxc5 bxc5 24.Nb2 Qb7+ {#R} 0-1

[Event "Ch Commonwealth (open)"]
[Site "Chennai (India)"]
[Date "2012.11.24"]
[Round "3"]
[White "Mohota Nisha (IND)"]
[Black "Chaithanyaa K G (IND)"]
[Result "1-0"]
[WhiteElo "2339"]
[BlackElo "2069"]

1.Nf3 Nf6 2.g3 e6 3.Bg2 d5 4.O-O Be7 5.c4 O-O 6.b3 c5 7.e3 Nc6 8.Bb2 Qc7 9.Nc3
Rd8 10.cxd5 exd5 11.d4 c4 12.bxc4 dxc4 13.Qe2 Na5 14.e4 Bg4 15.d5 a6 16.Rfd1
Bb4 17.a3 Bxc3 18.Bxc3 Nb3 19.Ra2 Rac8 20.h3 Bh5 21.g4 Bg6 22.Ne5 Qc5 23.Kh1
Nd7 24.Nxg6 hxg6 25.e5 Re8 26.e6 Nf8 27.Qe5 Nxe6 28.dxe6 Qxe5 29.Bxe5 Rxe6
30.Bxb7 {#r} 1-0

[Event "Ch Andalucia (team) (final)"]
[Site "Andalucia (Spain)"]
[Date "2012.12.02"]
[Round "3"]
[White "Santos Izquierdo Francisco (ESP)"]
[Black "Lopez Gonzalez Daniel (ESP)"]
[Result "1-0"]
[WhiteElo "2264"]
[BlackElo "2247"]

1.c4 e6 2.g3 d5 3.Nf3 Nf6 4.Bg2 Be7 5.O-O O-O 6.b3 c5 7.Bb2 Nc6 8.e3 d4 9.exd4
cxd4 10.Re1 Ne8 11.d3 f6 12.Na3 e5 13.Nc2 Nc7 14.Ba3 Bxa3 15.Nxa3 Bd7 16.Nc2
a5 17.a3 Rb8 18.b4 axb4 19.axb4 b5 20.c5 Bg4 21.Qb1 Ne7 22.Nd2 Be6 23.f4 Ng6
24.fxe5 Nxe5 25.Nf3 Bf5 26.Nfxd4 Bxd3 27.Qb2 Re8 {#r} 1-0

[Event "It (cat,7)"]
[Site "Bogota (Colombia)"]
[Date "2012.12.21"]
[Round "8"]
[White "Alvarez Pedraza Aramis (CUB)"]
[Black "Rojas Barrero Andres Humberto (COL)"]
[Result "1-0"]
[WhiteElo "2513"]
[BlackElo "2217"]

1.c4 e6 2.Nf3 d5 3.g3 Nf6 4.Bg2 Be7 5.O-O O-O 6.b3 c5 7.e3 d4 8.exd4 cxd4 9.d3
Nc6 10.Re1 a5 11.Na3 Bc5 12.Nb5 Bd7 13.Bb2 Qb6 14.a3 Rfd8 15.Qd2 Be8 16.Qf4
Nd7 17.Ng5 h6 18.Ne4 Bf8 19.g4 Nde5 20.Qg3 Ng6 21.f4 f5 22.gxf5 exf5 23.Nf6+
gxf6 24.Rxe8 Rxe8 25.Qxg6+ Kh8 26.Kh1 Bg7 27.Rg1 Rg8 28.Nd6 Nd8 29.Bd5 {#r}
1-0

[Event "It (open)"]
[Site "Arco (Italy)"]
[Date "2012.12.28"]
[Round "4"]
[White "Horn Peter (GER)"]
[Black "Romagnoli Roberto (ITA)"]
[Result "1-0"]
[WhiteElo "2149"]
[BlackElo "2110"]

1.c4 e6 2.g3 Nf6 3.Bg2 d5 4.Nf3 Be7 5.O-O O-O 6.b3 c6 7.Bb2 Nbd7 8.d3 g6
9.Nbd2 Re8 10.e4 dxe4 11.dxe4 Bf8 12.e5 Nh5 13.Qc2 Qc7 14.Rad1 Ng7 15.Ne4 Rd8
16.Qc1 b6 17.Rxd7 {#r} 1-0

[Event "Ch Catalunia (team) (Div. Honor)"]
[Site "Catalunya (Spain)"]
[Date "2013.01.19"]
[Round "1"]
[White "Camacho Collados Jose (KOR)"]
[Black "Fernandez Perez Didier (ESP)"]
[Result "1-0"]
[WhiteElo "2375"]
[BlackElo "2248"]

1.Nf3 d5 2.g3 Nf6 3.Bg2 e6 4.O-O Be7 5.c4 O-O 6.cxd5 exd5 7.d3 c6 8.Nc3 Na6
9.e4 dxe4 10.dxe4 Be6 11.e5 Nd5 12.Ne4 Ndb4 13.Bg5 Bd5 14.Re1 Nxa2 15.Nd6 f6
16.Nd4 Bxd6 17.Bxd5+ cxd5 18.exf6 N2b4 19.f7+ Rxf7 20.Bxd8 Rxd8 21.Ne6 Rb8
22.Ng5 Rc7 23.Qg4 {#r} 1-0

[Event "Bundesliga (2nd) East 2012/13"]
[Site "Austria"]
[Date "2013.02.03"]
[Round "7"]
[White "Wolfram Bernd (AUT)"]
[Black "Pichler Michael (AUT)"]
[Result "1-0"]
[WhiteElo "2254"]
[BlackElo "2243"]

1.c4 e6 2.g3 Nf6 3.Bg2 d5 4.Nf3 Be7 5.O-O O-O 6.b3 a5 7.Bb2 a4 8.d3 c6 9.Nbd2
Nbd7 10.Qc2 Qa5 11.Rfe1 Rd8 12.Rad1 Bb4 13.a3 Bxd2 14.Nxd2 axb3 15.Nxb3 Qa4
16.cxd5 cxd5 17.e4 Ra6 18.exd5 exd5 19.Qc7 Rf8 20.Nd4 Qa5 21.Qc1 Qd8 22.Nf5
Nb6 23.Nxg7 Na4 24.Bxf6 Qxf6 25.Nh5 Qd4 26.Qg5+ Rg6 27.Qf4 Qa7 28.Nf6+ {#r}
1-0

[Event "Ch USA (amateur) (team) East"]
[Site "Parsippany (USA)"]
[Date "2013.02.17"]
[Round "3"]
[White "Jose Franco Moncera (USA)"]
[Black "Ippolito Dean (USA)"]
[Result "0-1"]
[WhiteElo "2056"]
[BlackElo "2427"]

1.c4 e6 2.g3 d5 3.Bg2 Nf6 4.Nf3 Be7 5.O-O O-O 6.b3 b6 7.e3 Bb7 8.Ne5 Nbd7
9.Bb2 c5 10.d3 Nxe5 11.Bxe5 Qd7 12.Nd2 Rad8 13.d4 dxc4 14.Nxc4 Bxg2 15.Kxg2 b5
16.Na5 Qd5+ 17.Qf3 Ne4 18.Rfd1 c4 19.Qg4 a6 20.f3 Nc3 21.e4 Qd7 22.Bf4 Nxd1
23.Rxd1 Bb4 24.Nb7 f5 25.exf5 exf5 26.Qg5 Qxb7 27.bxc4 Be7 28.Qh5 bxc4 29.Be5
{#R} 0-1

[Event "Memorial Guzinskiego"]
[Site "Lazy (Poland)"]
[Date "2013.03.28"]
[Round "8"]
[White "Adamowicz Maciej (POL)"]
[Black "Gralka Julian (POL)"]
[Result "0-1"]
[WhiteElo "2107"]
[BlackElo "2248"]

1.c4 e6 2.Nf3 Nf6 3.g3 d5 4.Bg2 Be7 5.O-O O-O 6.b3 b6 7.Bb2 Bb7 8.e3 c5 9.Nc3
dxc4 10.bxc4 Nc6 11.Qe2 Rc8 12.Rfd1 Qc7 13.Rac1 a6 14.Na4 Na5 15.Bc3 Bc6
16.Nb2 b5 17.d4 cxd4 18.exd4 Nxc4 19.Nxc4 bxc4 20.Qxc4 Bd5 21.Qe2 Qc4 22.Bf1
Qxe2 23.Bxe2 Ba3 {#R} 0-1

[Event "It (open)"]
[Site "Dubai (United Arab Emirates)"]
[Date "2013.04.13"]
[Round "7"]
[White "Pantsulaia Levan (GEO)"]
[Black "Olsarova Tereza (CZE)"]
[Result "1-0"]
[WhiteElo "2595"]
[BlackElo "2248"]

1.Nf3 d5 2.c4 e6 3.g3 Nf6 4.Bg2 Be7 5.O-O O-O 6.b3 c5 7.e3 b6 8.Nc3 Bb7 9.Bb2
Nbd7 10.Qc2 Rc8 11.Rac1 Qc7 12.Nh4 Rfd8 13.cxd5 Nxd5 14.Nf5 Bf6 15.Nb5 Qb8
16.Bxd5 Bxd5 17.Bxf6 Nxf6 18.Ne7+ Kh8 19.Nxc8 Qxc8 20.f3 Qc6 21.Qd3 Qc8 22.Qe2
Qa6 23.Nc3 Qa5 24.Qb5 Qa3 25.Rc2 {#r} 1-0

[Event "Ch Italy (team)"]
[Site "Bratto (Italy)"]
[Date "2013.04.27"]
[Round "1"]
[White "Garcia Palermo Carlos (ITA)"]
[Black "Stromboli Carlo (ITA)"]
[Result "1-0"]
[WhiteElo "2450"]
[BlackElo "2332"]

1.Nf3 Nf6 2.c4 e6 3.g3 d5 4.Bg2 Be7 5.O-O O-O 6.b3 Nbd7 7.Bb2 b6 8.e3 Bb7
9.Nc3 c5 10.Qe2 Rc8 11.d3 Qc7 12.Ne1 a6 13.f4 Rfd8 14.g4 d4 15.Nd1 dxe3
16.Nxe3 Ne8 17.g5 Nb8 18.Bxb7 Qxb7 19.Nf3 Nc6 20.f5 Nd4 21.Nxd4 cxd4 22.fxe6
fxe6 23.Nd5 Rc6 24.Qf3 Bd6 25.Rae1 e5 26.Rxe5 Nf6 27.gxf6 {#r} 1-0

[Event "Ch Italy (team)"]
[Site "Bratto (Italy)"]
[Date "2013.04.29"]
[Round "4"]
[White "Garcia Palermo Carlos (ITA)"]
[Black "Godena Michele (ITA)"]
[Result "0-1"]
[WhiteElo "2450"]
[BlackElo "2501"]

1.Nf3 d5 2.c4 e6 3.g3 Nf6 4.Bg2 Be7 5.O-O O-O 6.b3 b6 7.Bb2 Bb7 8.cxd5 Nxd5
9.d4 Nd7 10.Re1 c5 11.e4 N5f6 12.Nbd2 cxd4 13.e5 Nd5 14.Nxd4 Bb4 15.a3 Bxd2
16.Qxd2 Nc5 17.b4 Na4 18.Nb5 Nc7 {#R} 0-1

[Event "Ch France (team) 2013"]
[Site "Haguenau (France)"]
[Date "2013.05.31"]
[Round "2"]
[White "Neiman Emmanuel (FRA)"]
[Black "Picard Clement (FRA)"]
[Result "0-1"]
[WhiteElo "2329"]
[BlackElo "2175"]

1.c4 e6 2.Nf3 Nf6 3.g3 d5 4.Bg2 Be7 5.O-O O-O 6.b3 b6 7.Bb2 Bb7 8.e3 Nbd7
9.Nc3 c5 10.Qe2 Rc8 11.Rac1 Qc7 12.cxd5 Nxd5 13.Nxd5 Bxd5 14.e4 Bb7 15.d4 Qb8
16.Rfd1 cxd4 17.Nxd4 Rxc1 18.Rxc1 Rc8 19.Rd1 Nf6 20.e5 Nd5 21.Nf5 Bf8 22.Bxd5
Bxd5 23.Rxd5 exd5 24.Nh6+ gxh6 25.Qg4+ Bg7 26.e6 d4 27.e7 Qb7 28.f3 h5 {#R}
0-1